000 00338nam a2200145Ia 4500
008 230917s9999||||xx |||||||||||||| ||und||
040 _e47578
_aMAIN
041 _aEnglish
082 _a822.33 S15J
100 _aShakespeare, William
245 0 _aJulius Caesar
260 _aLondon
_bHeinmann
_c1962
300 _a214 p.
942 _cBK
999 _c112410
_d112410